| 000 | 00995cam a2200313 i 4500 | ||
|---|---|---|---|
| 001 | 5844 | ||
| 003 | Mx-PuUPA | ||
| 005 | 20250716120956.0 | ||
| 008 | 140415s2009 mx gr 000 0 spa d | ||
| 017 | _aS. 16-2009 | ||
| 020 | _a9788496611467 | ||
| 040 |
_aMx-PuUPA _bspa _cMx-PuUPA _dMx-PuUPA _erda |
||
| 041 | 0 | _aspa | |
| 100 | 1 |
_aDíaz, Carlos, _d1944- _96471 _eautor |
|
| 245 | 1 | 3 |
_aEl sistema del anarquismo : _b(luces y sombres) / _cDíaz, Carlos ; prólogo, Luis Narvarte |
| 264 | 1 |
_aMéxico, D.F. : _bIMDOSOC, _c2009 |
|
| 300 |
_a146 páginas ; _c24 cm |
||
| 336 |
_2rdacontent _atexto _btxt |
||
| 337 |
_2rdamedia _asin medio _bn |
||
| 338 |
_2rdacarrier _avolumen _bnc |
||
| 490 | 0 |
_aColección Persona ; _v29 |
|
| 650 | 7 |
_2armarc _aAnarquismo |
|
| 650 | 7 |
_2armarc _aMovimiento obrero independiente revolucionario |
|
| 700 | 1 |
_aNarvarte, Luis, _eprologuista |
|
| 942 |
_2ddc _cLI _h335.83 _iD53 |
||
| 999 |
_c5844 _d5844 |
||